Fly-tipping database (Record no. 118035)

MARC details
000 -LEADER
fixed length control field 01229cam a2200217 4500
001 - CONTROL NUMBER
control field WB@3612-884
008 - FIXED-LENGTH DATA ELEMENTS--GENERAL INFORMATION
fixed length control field 040923n2004 000 0 eng u
035 ## - SYSTEM CONTROL NUMBER
System control number (Sirsi) u127494
245 ## - TITLE STATEMENT
Title Fly-tipping database
260 ## - PUBLICATION, DISTRIBUTION, ETC.
Date of publication, distribution, etc. 2004
490 ## - SERIES STATEMENT
Series statement Environment Agency Press Release
Volume/sequential designation 21 September 2004 (5)
520 ## - SUMMARY, ETC.
Summary, etc. Fly-tipping is on the increase - in 2003 the Environment Agency dealt with 5 300 incidents - almost 40% more than in 2001. In addition, local authorities deal with thousand of incidents each year. Almost 25% of incidents involve waste from construction, demolition and excavation activities. In April 2004 a national fly-tipping database, FlyCapture, was set-up by the Environment Agency, with funding from DEFRA, in order to improve information on the scale of fly-tipping to help focus resources, target hot-spot areas and identify trends in this growing crime. http://www.environment-agency.gov.uk/news/869707?l ang=_e&region=&projectstatus=&theme=&subject=&sear chfor=&topic=&area=&month=
590 ## - LOCAL NOTE (RLIN)
Local note WB
590 ## - LOCAL NOTE (RLIN)
Local note WB
650 ## - SUBJECT ADDED ENTRY--TOPICAL TERM
Topical term or geographic name entry element FLY-TIPPING
650 ## - SUBJECT ADDED ENTRY--TOPICAL TERM
Topical term or geographic name entry element ENVIRONMENT AGENCY
650 ## - SUBJECT ADDED ENTRY--TOPICAL TERM
Topical term or geographic name entry element WASTE DISPOSAL STRATEGY
650 ## - SUBJECT ADDED ENTRY--TOPICAL TERM
Topical term or geographic name entry element ILLEGAL DUMPING
690 ## - LOCAL SUBJECT ADDED ENTRY--TOPICAL TERM (OCLC, RLIN)
Topical term or geographic name as entry element WASTE MANAGEMENT
942 ## - ADDED ENTRY ELEMENTS (KOHA)
Suppress in OPAC 0
Holdings
Withdrawn status Lost status Source of classification or shelving scheme Damaged status Not for loan Home library Current library Shelving location Date acquired Total Checkouts Full call number Barcode Date last seen Copy number Price effective from Koha item type
    Dewey Decimal Classification     London London News article 23/09/2004   WB4036-15 127494-1001 06/08/2019 1 06/08/2019 News article